Movie Word Quintets II Quiz Stats

 Plays Quiz Updated Sep 3, 2017

Challenge
Share
Tweet
Score 0/30 Timer 08:00
1 Play Today
% Correct
The Great Gatsby
91.5%
Blood Diamond
86.1%
There Will Be Blood
83.2%
First Blood
77.7%
Journey to the Center of the Earth
70%
The Great Escape
69.1%
Wild Hogs
68.7%
Into the Wild
67.2%
The Devil's Advocate
65.4%
Garden State
60.3%
Enemy of the State
59.7%
After Earth
50.7%
Oz the Great and Powerful
47.9%
Battlefield Earth
47%
The Day the Earth Stood Still
45.7%
% Correct
The Great Outdoors
39.6%
The Wild Bunch
32.4%
The Devil's Own
26.9%
Beasts of the Southern Wild
23.8%
The Devil's Rejects
23.5%
The Great Debaters
23.5%
Free State of Jones
19.6%
Wild at Heart
19.1%
State of Play
18.2%
Blood Simple
15.3%
State of Grace
14%
Another Earth
8.9%
Blood Father
8.6%
The Devil's Double
7.5%
The Devil's Backbone
6.4%

You're not logged in!

Compare scores with friends on all Sporcle quizzes.
OR
Log In

You Might Also Like...

Show Comments

Extras

Top Quizzes Today


Score Distribution

Your Account Isn't Verified!

In order to create a playlist on Sporcle, you need to verify the email address you used during registration. Go to your Sporcle Settings to finish the process.

Report this User

Report this user for behavior that violates our Community Guidelines.

Details: